000
00280nam a22001337a 4500
008
170621b xxu||||| |||| 00| 0 eng d
020
_a
9780520209183
041
_a
eng
080
_a
32
100
_a
20
101
_a
shp
245
_a
SMALL WARS
_c
HUGHES, N.S
942
_2
udc
_c
BK
999
_c
18479
_d
18479